000 01127nam a22002417a 4500
999 _c21195
_d21195
003 AR-CdUCM
008 190305b ||||| |||| 00| 0 spa d
020 _a9786120025482
040 _aMUNICIPALIDAD PROVINCIAL DEL CUSCO
_cBIBLIOTECA MUNICIPAL DEL CUSCO
082 _a373.4 / AR71
_bAR71
100 _aArgota Pérez, George
_944285
245 _aRazonamiento lógico e interpretación práctica del perfil y proyecto tesis de investigación científica :
_bpensamiento en enfoque cualimétrico /
260 _aCusco :
_bKopy Graf,
_c2017.
300 _a128 paginas ;
_c20 cm.
505 _aContenido: Aprendizaje de investigación científica -- Ética profesional en la investigación científica -- Comenzar a investigar en la Ciencia -- Formato de investigación perfil y proyecto de tesis -- Impacto de los resultados científicos ...
650 _aMétodo científico
_99734
650 _aMetodología de la investigación
_95165
650 _aInvestigación científica
_99735
650 _aInvestigación educativa
_99736
650 _aInvestigación pedagógica
_944277
942 _2ddc
_cLIBROS
945 _aRoel